| 000 | 008240000a22001930004500 | ||
|---|---|---|---|
| 001 | 6702 | ||
| 020 | _a84-7645-998-X | ||
| 041 | 0 | _aSPA | |
| 082 | 0 | 4 | _aG 261 D6919r |
| 100 | 1 | _aDooyeweerd, Herman (1894–1977) | |
| 245 | 1 | 0 | _aLas raíces de la cultura occidental : Las opciones pagana, secular, y cristiana / Herman Dooyeweerd; Adolfo García de la Sierna, Traductor |
| 260 | _aTerrassa, Barcelona, España : CLIE | ||
| 300 | _a244 Pag | ||
| 505 | 0 | 0 | _aLas raíces de la cultura occidental - La soberanía de las esferas - Historia, historicismo y normas - La fe y la cultura - La gran sintesis - El humanismo clásico - Redirección romántica - El surgimiento del pensamiento social. |
| 942 | _cBK | ||
| 999 |
_c36969 _d36969 |
||
| 336 |
_atexto _btxt _2rdacontent |
||
| 337 |
_2rdamedia _asin mediación _bn |
||
| 338 |
_2rdacarrier _avolumen _bnc |
||